000 00846nmm a2200289 a 4500
003 AR-BaBNM
005 20251128202938.0
008 157019s1954 ||||||||||||||000 | spa||
040 _cAR-BaBNM
100 1 _aSalvat, Raymundo M.
245 1 0 _aTratado de derecho civil argentino
_bparte general. 2
250 _a10ª ed.
260 _aBuenos Aires
_bTEA
_c1954
300 1 _alii, 827 p.
500 1 _aEdición reactualizada con textos de doctrina, legislación y jurisprudencia por Victor N. Romero del Prado
500 0 _aIndice p. xi-lii
650 4 _aDERECHO CIVIL
650 4 _aHISTORIA DEL DERECHO
650 4 _aBIENES
650 4 _aACTOS JURIDICOS
650 4 _aNULIDAD
650 4 _aLEGISLACION ARGENTINA
653 0 _aPATRIMONIO
700 1 _aRomero del Prado, Victor N.
_ecolaborador
942 _cBK
998 _cAndrea
999 _c1243
_d1243